Full circle: (Record no. 9062)

000 -LEADER
fixed length control field 00618nam a2200193 a 4500
001 - CONTROL NUMBER
control field :::00006843$&:&@@
003 - CONTROL NUMBER IDENTIFIER
control field OkBaRHE
005 - DATE AND TIME OF LATEST TRANSACTION
control field 20000607103333.0
008 - FIXED-LENGTH DATA ELEMENTS--GENERAL INFORMATION
fixed length control field s1971 j 000 0 eng u
040 ## - CATALOGING SOURCE
Transcribing agency
100 1# - MAIN ENTRY--PERSONAL NAME
Personal name Mains, David R.
245 10 - TITLE STATEMENT
Title Full circle:
Remainder of title the creative church for today's society.
260 ## - PUBLICATION, DISTRIBUTION, ETC. (IMPRINT)
Place of publication, distribution, etc Waco, TX., :
Name of publisher, distributor, etc Word Books
Date of publication, distribution, etc c1971
300 ## - PHYSICAL DESCRIPTION
Extent 217 p. : illus. ;
Dimensions 23 cm.
650 ## - SUBJECT ADDED ENTRY--TOPICAL TERM
Topical term or geographic name as entry element Chicago
General subdivision Circle Church
650 ## - SUBJECT ADDED ENTRY--TOPICAL TERM
Topical term or geographic name as entry element Mission of the Church
General subdivision Case Studies
942 ## - ADDED ENTRY ELEMENTS (KOHA)
Source of classification or shelving scheme
Koha item type Books
Copies
Price effective from Date last seen Barcode Source of classification or shelving scheme Lost status Shelving location Date acquired Permanent Location Damaged status Koha item type Not for loan Full call number Withdrawn status Copy number
2010-04-142010-04-146843  General Stacks2010-04-14RHEMA Bible Training College Books BV 601.8 .M3 1